<?xml version="1.0" encoding="UTF-8"?>
<record
    xmlns:xsi="http://www.w3.org/2001/XMLSchema-instance"
    xsi:schemaLocation="http://www.loc.gov/MARC21/slim http://www.loc.gov/standards/marcxml/schema/MARC21slim.xsd"
    xmlns="http://www.loc.gov/MARC21/slim">

  <leader>01716nam a2200289Ia 4500</leader>
  <controlfield tag="001">H9840</controlfield>
  <controlfield tag="003">IT-RoPAU</controlfield>
  <controlfield tag="008">130308s9999    xx            000 0 und d</controlfield>
  <datafield tag="040" ind1=" " ind2=" ">
    <subfield code="a">IT-RoPAU</subfield>
  </datafield>
  <datafield tag="040" ind1=" " ind2=" ">
    <subfield code="c">IT-RoPAU</subfield>
  </datafield>
  <datafield tag="041" ind1=" " ind2=" ">
    <subfield code="a">ITALIANO</subfield>
  </datafield>
  <datafield tag="100" ind1=" " ind2=" ">
    <subfield code="a">Coviello Michelangelo</subfield>
  </datafield>
  <datafield tag="100" ind1=" " ind2=" ">
    <subfield code="g">Codice Aut. SPICS: 31275</subfield>
  </datafield>
  <datafield tag="245" ind1=" " ind2=" ">
    <subfield code="a">Gamba del tavolo (La). Memoria, retorica e pubblicit&#xE0;</subfield>
  </datafield>
  <datafield tag="245" ind1=" " ind2=" ">
    <subfield code="b">Gamba del tavolo (La). Memoria, Retorica e Pubblicita'</subfield>
  </datafield>
  <datafield tag="250" ind1=" " ind2=" ">
    <subfield code="a">1a ed.</subfield>
  </datafield>
  <datafield tag="260" ind1=" " ind2=" ">
    <subfield code="a"> MILANO</subfield>
  </datafield>
  <datafield tag="260" ind1=" " ind2=" ">
    <subfield code="b">Booktime </subfield>
  </datafield>
  <datafield tag="260" ind1=" " ind2=" ">
    <subfield code="c">2008 [1&#xB0; Ed.:2008 - Ed.Ling.Originale:2008]</subfield>
  </datafield>
  <datafield tag="300" ind1=" " ind2=" ">
    <subfield code="a">"154 p. (prefazione: no ; testo: 154 [pagine: 0-0])"</subfield>
  </datafield>
  <datafield tag="500" ind1=" " ind2=" ">
    <subfield code="a">Sogno dell'Alfabeto: Memoria. Omero e Ulisse: Ostaggio e Sapiente. Esperienza di Verit&#xE0; nella Grecia Arcaica. Aletheia contro Episteme: Platone. Dalla Verit&#xE0; Alla Ricerca Verita': Retorica. da Corace a Quintiliano. Dictio o del Teatro. Memoria. Elocutio o della Poesia. figure retoriche o del Sogno. Principio Evolutivo delle Figure: Catarsi. Similitudine: Stura Poetica. Allegoria: Stura Narrativa. Metafora e Metonimia: Due mondi Possibili. Sineddoche e Prosopopea: Uomini e Dei. Apostrofe o Dello Spiazzamento. invenzioni della Scrittura. Immagini, Parole e Pubblicita': Un'Antologia. Annunci con Immagini. Annunci con Parole. Annunci con Parole e Immagini. Coca Cola: un Secolo di Retorica. Dispositio o della Narrativa. Inventio o della Filosofia. Prove. Argomentazione e Marketing. Argomentazione e Dimostrazione Scientifica. Continuit&#xE0; della Retorica nel pensiero  Occidentale. sogno della Memoria: Alfabeto.</subfield>
  </datafield>
  <datafield tag="650" ind1=" " ind2=" ">
    <subfield code="a">SAGGI DI PUBBLICITA'</subfield>
  </datafield>
  <datafield tag="650" ind1=" " ind2=" ">
    <subfield code="e">Codice materia Spics: 6211</subfield>
  </datafield>
  <datafield tag="942" ind1=" " ind2=" ">
    <subfield code="c">BK</subfield>
  </datafield>
  <datafield tag="957" ind1=" " ind2=" ">
    <subfield code="7">1</subfield>
  </datafield>
  <datafield tag="999" ind1=" " ind2=" ">
    <subfield code="c">91950</subfield>
    <subfield code="d">91950</subfield>
  </datafield>
  <datafield tag="999" ind1=" " ind2=" ">
    <subfield code="g">1</subfield>
  </datafield>
  <datafield tag="952" ind1=" " ind2=" ">
    <subfield code="0">0</subfield>
    <subfield code="1">0</subfield>
    <subfield code="4">0</subfield>
    <subfield code="6">H_000000000000000_9840</subfield>
    <subfield code="7">1</subfield>
    <subfield code="a">SPICS</subfield>
    <subfield code="b">SPICS</subfield>
    <subfield code="d">2013-03-08</subfield>
    <subfield code="l">0</subfield>
    <subfield code="o">H9840</subfield>
    <subfield code="r">2013-03-08 00:00:00</subfield>
    <subfield code="w">2013-03-08</subfield>
    <subfield code="y">BK</subfield>
    <subfield code="z">Progressivo inserimento:  26961 /  N. Volumi: 1 Copie: 1  / data import: 1 marzo 2013 - By Epidotti, Trombetti, Vaglietti. </subfield>
  </datafield>
</record>
